000 00755nam a2200289Ia 4500
005 20250425161844.0
008 250425s9999 xx 000 0 und d
020 _a9682601762
041 _aspa
043 _amx
082 _a658
100 _aTERRY, GEORGE R.
245 0 _aPRINCIPIOS DE ADMINISTRACION
250 _a9A ED.
260 _aMéxico
_bCOMPAÑIA EDITORIAL CONTINENTAL, S.A.
_c1985
260 _aS.L.
300 _a747
500 _aTítulo Traducido: PRINCIPLES OF MANAGEMENT
650 _aADMINISTRACION
650 _aDESARROLLO
650 _aORGANIZACION
650 _aPLANEACION
700 _aRICHARD D. IRWIN
_etraductor
710 _aEDITORIAL CONTINENTAL, S.A. DE C.V., MEXICO
942 _c01
010 _a32540
999 _c217522
_d217522